000 00593nam a22002297a 4500
003 UA-OsUOA
001 100079
007 ta
008 20130521b un ||||| |||| 00| 0 ukr d
100 _aТургенев И.
090 _a821.161.1
_bТ87
942 _cBK
040 _aUA-OsUOA
_brus
_cUA-OsUOA
_dUA-OsUOA
245 _aСобрание сочинений
_b11
300 _a433 с.
955 _a3
041 _arus
080 _a821.161.1
260 _aМ.
_bПравда
_c1949
650 7 _a82 Література. Літературознавство
_2UDC
999 _c386328
_d386328